| 000 | 01023nam a2200277Ia 4500 | ||
|---|---|---|---|
| 003 | OSt | ||
| 005 | 20220923211238.0 | ||
| 006 | a|||||r|||| 00| 0 | ||
| 007 | ta | ||
| 008 | 220922b |||||||| |||| 00| 0 hin d | ||
| 020 |
_a9788174534484 (hbk) _c9000 |
||
| 024 | _a324,460 | ||
| 037 |
_b252, 13/03/2018, Shivalik Prakashan _cTextual |
||
| 040 |
_aARTS _cARTS _bhin |
||
| 041 |
_2hin _ahin |
||
| 082 | _aP152, Q6.1-.3 | ||
| 100 | _aशर्मा, वंदना, ले. | ||
| 245 | 0 | _aहिन्दी भाषा एवं साहित्य का इतिहास | |
| 246 | _aHindī bhāṣhā evan sāhitya kā itihāsa | ||
| 260 |
_aनई दिल्ली _b संजय प्रकाशन _c2016 |
||
| 490 | _vभाग 1 | ||
| 650 | _a भाषाशास्त्र | ||
| 650 | _aहिन्दी भाषा | ||
| 942 |
_hP152, Q6.1-.3 _cTEXL _2CC |
||
| 999 |
_c297592 _d297592 |
||